Statystyki dla Rozpoznaj klub po stadionie Ekstraklasa 22/23

Kliknij tutaj aby rozwiązać quiz!

Ogólne statystyki

  • Ten quiz został rozwiązany 98 razy
  • Średni wynik to 14 z 18

Statystyki odpowiedzi

Odpowiedź% Poprawnych
Raków Częstochowa
93%
Lechia Gdańsk
88%
Legia Warszawa
88%
Górnik Zabrze
86%
Jagiellonia Białystok
86%
Warta Poznań
86%
Lech Poznań
84%
Śląsk Wrocław
84%
Piast Gliwice
78%
Zagłębie Lubin
78%
Widzew Łódź
75%
Cracovia
74%
Wisła Płock
74%
Radomiak Radom
72%
Pogoń Szczecin
70%
Miedź Legnica
68%
Korona Kielce
64%
Stal Mielec
64%

Rozkład punktacji

Percentyl według liczby udzielonych odpowiedzi

Procent ludzi z każdym wynikiem

Twoja historia wyników

Nie rozwiązałeś tego quizu